| 000 | 00998nam0a22003011 4500 | ||
|---|---|---|---|
| 001 | v19\rc\1644816 | ||
| 005 | 20250619001236.0 | ||
| 035 | _a(NLR Aleph) 004757344 | ||
| 090 |
_a4566128 _c4566128 |
||
| 100 | _a20061002d1886 |||y0rusy50 ca | ||
| 101 | 0 | _arus | |
| 102 | _aRU | ||
| 105 | _ay z ||||| | ||
| 200 | 1 |
_aДневник веденный во время путешествия в 1886 г. _f[Соч.] А.Н. Чамовой |
|
| 210 |
_aМосква _cтип. Т.И. Гаген _d1886 |
||
| 215 | _a[4], 27 с. | ||
| 532 | 1 | 1 | _aДневник веденный во время путешествия в тысяча восемьсот восемьдесят шестом году |
| 700 | 1 |
_aЧамова _bА.Н. |
|
| 801 | 0 |
_aRU _bNLR _gpsbo |
|
| 801 | 0 |
_aRU _bRuMoRGB _2psbo |
|
| 801 | 1 |
_aRU _bProSoft-M _2rusmarc |
|
| 852 |
_aNLR _j18.208.3.71 |
||
| 899 |
_aRuMoRGB _jO 20/152 |
||
| 899 |
_aRuMoRGB _jU 283/1066 |
||
| 899 | _aБАН | ||
| 899 | _aГПИБ | ||
| 942 | _cBOOK | ||
| 980 | _aNB | ||